000 00343nam a2200133Ia 4500
005 20251222141819.0
008 251222s9999||||xx |||||||||||||| ||spa||
020 _a978-070-10-5382-9
082 _a301/C48
100 _aCervera Rivero, María Purificación
245 0 _aAntropología:
264 _bMcGraw-Hill Interamericana
942 _cLIB
999 _c6735
_d6735